[Event "FIDE World Rapid Team"]
[Site "London ENG"]
[Date "2025.06.11"]
[Round "2.2"]
[White "Royal, Shreyas"]
[Black "Gledura, Benjamin"]
[Result "1/2-1/2"]
[WhiteTitle "GM"]
[BlackTitle "GM"]
[WhiteElo "2492"]
[BlackElo "2668"]
[WhiteTeam "Rookies"]
[BlackTeam "Ashdod Elit Chess Club"]
[WhiteFideId "448869"]
[BlackFideId "712779"]
[EventDate "2025.06.11"]
[EventType "team"]

1. d4 Nf6 2. c4 e6 3. Nf3 Bb4+ 4. Nbd2 O-O 5. a3 Be7 6. e4 d6 7. Bd3 e5 8. O-O
Bg4 9. Qc2 Nfd7 10. b4 a5 11. Bb2 Bf6 12. d5 c5 13. Bc3 axb4 14. axb4 Na6 15. b5
Nb4 16. Bxb4 cxb4 17. Qb2 Nc5 18. Be2 Rxa1 19. Rxa1 Bg5 20. Nxg5 Bxe2 21. Ngf3
Bxf3 22. Nxf3 Nxe4 23. Qxb4 Qb6 24. Ra2 Rc8 25. g3 h6 26. Kg2 Qc7 27. Nd2 Nc5
28. b6 Qd7 29. Nb3 Nd3 30. Qd2 Qf5 31. Na5 Nc5 32. Qc2 Qxc2 33. Rxc2 Ra8 34. Nc6
Kf8 35. f4 f6 36. fxe5 fxe5 37. Rf2+ Ke8 38. Na7 Nd7 39. Rb2 Ke7 40. Nc6+ Kf7
41. Na7 h5 42. h4 g6 43. Kf3 Nc5 44. Ke3 Ke7 45. Ra2 Rf8 46. Nc6+ Kf6 47. Na7
Rf7 48. Rf2+ Kg7 49. Rxf7+ Kxf7 50. Nc8 Nd7 51. Nxd6+ Ke7 52. Nxb7 Nxb6 53. Kd3
e4+ 54. Kd4 e3 55. Nc5 e2 56. Nd3 Na4 57. c5 Kd7 58. Ne5+ Kd8 59. Nf3 Kd7 60.
Ne5+ Kd8 61. Nd3 Kc7 62. Ke3 Nxc5 63. Ne1 Kd6 64. Kxe2 Kxd5 65. Kf3 Ke5 66. Ng2
Ne6 67. g4 Nd4+ 1/2-1/2

[Event "FIDE World Rapid Team"]
[Site "London ENG"]
[Date "2025.06.11"]
[Round "2.3"]
[White "Moiseenko, Alexander"]
[Black "Suleimen, Ergali"]
[Result "1-0"]
[WhiteTitle "GM"]
[BlackTitle "FM"]
[WhiteElo "2568"]
[BlackElo "2302"]
[WhiteTeam "Ashdod Elit Chess Club"]
[BlackTeam "Rookies"]
[WhiteFideId "14102560"]
[BlackFideId "13724452"]
[EventDate "2025.06.11"]
[EventType "team"]

1. d4 Nf6 2. Bg5 d5 3. e3 e6 4. Nd2 Nbd7 5. Ngf3 h6 6. Bh4 Be7 7. Bd3 c5 8. c3
b6 9. Ne5 Bb7 10. f4 O-O 11. O-O Ne4 12. Bxe7 Qxe7 13. Qe2 Nxd2 14. Qxd2 Nf6 15.
Kh1 Ne4 16. Qe2 Rfc8 17. g4 f6 18. Ng6 Qf7 19. f5 Bc6 20. Rae1 Re8 21. Qg2 cxd4
22. exd4 b5 23. Re3 Rab8 24. a3 a5 25. Kg1 b4 26. axb4 axb4 27. c4 Qa7 28. c5 e5
29. Bxe4 dxe4 30. dxe5 Qxc5 31. Qf2 fxe5 32. g5 hxg5 33. f6 gxf6 34. Qxf6 Qxe3+
35. Kh1 Kh7 36. Ne7 Rg8 37. Qf7+ 1-0

[Event "FIDE World Rapid Team"]
[Site "London ENG"]
[Date "2025.06.11"]
[Round "2.4"]
[White "Sapenov, Daniyal"]
[Black "Smirin, Ilia"]
[Result "1-0"]
[WhiteTitle "IM"]
[BlackTitle "GM"]
[WhiteElo "2405"]
[BlackElo "2564"]
[WhiteTeam "Rookies"]
[BlackTeam "Ashdod Elit Chess Club"]
[WhiteFideId "13728911"]
[BlackFideId "2801990"]
[EventDate "2025.06.11"]
[EventType "team"]

1. d4 Nf6 2. c4 g6 3. g3 c5 4. dxc5 Qa5+ 5. Nc3 Qxc5 6. Bg2 Bg7 7. Be3 Qxc4 8.
Rc1 Qb4 9. Bd2 Nc6 10. Nd5 Qd6 11. Bb4 Nxb4 12. Nc7+ Kd8 13. Qxd6 exd6 14. Nxa8
Nc6 15. Nh3 b5 16. b4 Nxb4 17. O-O Nc6 18. Ng5 Rf8 19. Bxc6 dxc6 20. Rxc6 Bb7
21. Rc7 Bxa8 22. Rxa7 Bd5 23. Rd1 Kc8 24. Nxh7 Kb8 25. Ra5 Bc4 26. Nxf8 Bxf8 27.
Rb1 Bxe2 28. a4 d5 29. axb5 Bd3 30. Rb2 Bd6 31. b6 Be5 32. Rb3 Bc4 33. Rb1 Bd3
34. Rb3 Bc4 35. Rb1 Bd3 36. Rd1 Bc4 37. Ra7 d4 38. Ra4 Bb3 39. Rdxd4 Bxd4 40.
Rxd4 Be6 41. h4 Kb7 42. f3 Kxb6 43. g4 Kc5 44. Rd8 Kc6 45. Kf2 Kc7 46. Rd4 Nd7
47. h5 gxh5 48. gxh5 Kd8 49. h6 Bf5 50. Rf4 1-0

[Event "FIDE World Rapid Team"]
[Site "London ENG"]
[Date "2025.06.11"]
[Round "2.5"]
[White "Manakova, Maria"]
[Black "Nurman, Alua"]
[Result "1-0"]
[WhiteTitle "WGM"]
[BlackTitle "WGM"]
[WhiteElo "2253"]
[BlackElo "2339"]
[WhiteTeam "Ashdod Elit Chess Club"]
[BlackTeam "Rookies"]
[WhiteFideId "927007"]
[BlackFideId "13729390"]
[EventDate "2025.06.11"]
[EventType "team"]

1. e4 c5 2. Nf3 d6 3. d4 cxd4 4. Nxd4 Nf6 5. Nc3 a6 6. h3 g6 7. Be3 Bg7 8. Qd2
Nbd7 9. O-O-O b5 10. f3 Bb7 11. Bh6 Bxh6 12. Qxh6 b4 13. Nd5 Nxd5 14. exd5 Nf6
15. Bc4 Qc7 16. Bb3 O-O-O 17. Nc6 Bxc6 18. dxc6 d5 19. Qd2 a5 20. Ba4 e5 21. c3
bxc3 22. bxc3 Qd6 23. Qb2 Qb8 24. Qe2 Rhe8 25. Qa6+ Kc7 26. Qxa5+ Qb6 27. Qxb6+
Kxb6 28. c7 Kxc7 29. Bxe8 Rxe8 30. Rhe1 Kd6 31. g4 Rc8 32. Kb2 Nd7 33. Re4 Nb6
34. Rb4 Nc4+ 35. Kb3 Na5+ 36. Ka4 Nc4 37. Rb5 Kc6 38. Kb4 Ne3 39. Rc5+ Kd7 40.
Rxc8 Kxc8 41. Rd3 d4 42. cxd4 Nc2+ 43. Kc3 Nxd4 44. Rxd4 exd4+ 45. Kxd4 Kd7 46.
Ke5 Ke7 47. g5 1-0

[Event "FIDE World Rapid Team"]
[Site "London ENG"]
[Date "2025.06.11"]
[Round "2.6"]
[White "Watson, Mikey J"]
[Black "Sailaubay, Aldiyar"]
[Result "1/2-1/2"]
[WhiteElo "1984"]
[BlackElo "1910"]
[WhiteTeam "Rookies"]
[BlackTeam "Ashdod Elit Chess Club"]
[WhiteFideId "442690"]
[BlackFideId "13729357"]
[EventDate "2025.06.11"]
[EventType "team"]

1. d4 Nf6 2. Nf3 e6 3. e3 b6 4. Bd3 Bb7 5. Nbd2 d5 6. b3 Nbd7 7. Bb2 Bd6 8. c4
O-O 9. O-O c5 10. Ne5 cxd4 11. exd4 Rc8 12. Qe2 Qe7 13. f4 dxc4 14. bxc4 Ba3 15.
Ndf3 Bxb2 16. Qxb2 h6 17. a4 Rfd8 18. a5 Bxf3 19. Nxf3 Qd6 20. g3 Rb8 21. axb6
axb6 22. Rfd1 Ra8 23. Ne5 Rxa1 24. Qxa1 Qc7 25. Be2 Ne4 26. Bf3 Nd6 27. Nc6 Re8
28. Qa4 Nf5 29. Qb5 Nf6 30. Ne5 Rd8 31. Nc6 Re8 32. Rd3 Kh8 33. Kg2 Rc8 34. Rb3
Nd7 35. d5 Nd6 36. Qb4 exd5 37. cxd5 Re8 38. Qd4 Nf5 39. Qd2 Qd6 40. Bg4 Nc5 41.
Ra3 Ne4 42. Qd3 g6 43. Ne5 Kg8 44. Bxf5 gxf5 45. Ra7 Re7 46. Ra8+ Kg7 47. Qd4 f6
48. Nc4 Qc5 49. Qxc5 bxc5 50. Rc8 Rd7 51. d6 Nxd6 52. Nxd6 Rxd6 53. Rxc5 Kg6 54.
h3 Rd2+ 55. Kf3 Rd3+ 56. Kf2 Ra3 57. Rd5 Ra2+ 58. Kf3 Rh2 59. h4 Ra2 60. h5+
Kxh5 61. Rxf5+ Kg6 62. Rd5 Ra3+ 63. Kg4 Ra4 64. Kh4 Rb4 65. Kg4 Rc4 66. Kh4 1/2-1/2

[Event "FIDE World Rapid Team"]
[Site "London ENG"]
[Date "2025.06.11"]
[Round "2.1"]
[White "Harvey, Marcus R"]
[Black "Aronian, Levon"]
[Result "0-1"]
[WhiteTitle "IM"]
[BlackTitle "GM"]
[WhiteElo "2445"]
[BlackElo "2742"]
[WhiteTeam "Wood Green"]
[BlackTeam "Hexamind Chess Team"]
[WhiteFideId "400092"]
[BlackFideId "13300474"]
[EventDate "2025.06.11"]
[EventType "team"]

1. Nf3 Nf6 2. b3 g6 3. Bb2 Bg7 4. g3 d5 5. c4 dxc4 6. bxc4 c5 7. Bg2 O-O 8. d3
Nc6 9. O-O Qc7 10. Nc3 Rd8 11. Nb5 Qb8 12. Nd2 Bd7 13. Rb1 b6 14. Nc3 Qc8 15.
Re1 Bh3 16. Bh1 Qd7 17. Nd5 Rac8 18. Nxf6+ Bxf6 19. Bxf6 exf6 20. Ne4 Kg7 21.
Qc1 h5 22. Qb2 Qe7 23. Nc3 h4 24. Nd5 Qd6 25. f4 Rh8 26. Kf2 Rcd8 27. Qxf6+ Qxf6
28. Nxf6 Nd4 29. Nd5 Bf5 30. Bg2 Rde8 31. e3 Nc6 32. Rbd1 Rd8 33. a3 g5 34. Bf3
Rd6 35. g4 Bc8 36. f5 Ne5 37. Be2 Bb7 38. d4 cxd4 39. exd4 Nxc4 40. f6+ Kh6 41.
Ne7 Rxf6+ 42. Nf5+ Rxf5+ 43. gxf5 Nd6 44. Bf3 Bxf3 45. Kxf3 Nxf5 46. d5 Rd8 47.
Rd3 Kg6 48. h3 Rd7 49. Re8 Nd6 50. Rg8+ Kf5 51. Rd4 f6 52. Rd3 b5 53. Ke2 Ke5
54. Re3+ Kxd5 55. Rg6 Rf7 56. Kf3 Nc4 57. Rd3+ Kc5 58. Ke4 f5+ 0-1

[Event "FIDE World Rapid Team"]
[Site "London ENG"]
[Date "2025.06.11"]
[Round "2.2"]
[White "Murzin, Volodar"]
[Black "Wadsworth, Matthew J"]
[Result "1-0"]
[WhiteTitle "GM"]
[BlackTitle "IM"]
[WhiteElo "2666"]
[BlackElo "2481"]
[WhiteTeam "Hexamind Chess Team"]
[BlackTeam "Wood Green"]
[WhiteFideId "44155573"]
[BlackFideId "415804"]
[EventDate "2025.06.11"]
[EventType "team"]

1. d4 d5 2. Nf3 Nf6 3. Bf4 c5 4. e3 Nc6 5. Nbd2 Bg4 6. c3 e6 7. Qb3 Qc8 8. Ne5
Nxe5 9. Bxe5 Nd7 10. h3 Bf5 11. Bh2 Be7 12. Be2 O-O 13. O-O c4 14. Qa4 a6 15.
Rfe1 b5 16. Qd1 a5 17. Bf3 Nf6 18. Be5 Ne4 19. Bxe4 dxe4 20. a4 Qc6 21. Qe2 Rfc8
22. axb5 Qxb5 23. b3 a4 24. bxc4 Qb2 25. c5 Qxc3 26. Nc4 f6 27. Bg3 e5 28. Nb6
exd4 29. Nxa8 Rxa8 30. Qa2+ Kf8 31. Qd5 Rc8 32. Qxf5 Rxc5 33. Qxe4 1-0

[Event "FIDE World Rapid Team"]
[Site "London ENG"]
[Date "2025.06.11"]
[Round "2.3"]
[White "Czopor, Maciej"]
[Black "Giri, Anish"]
[Result "0-1"]
[WhiteTitle "IM"]
[BlackTitle "GM"]
[WhiteElo "2423"]
[BlackElo "2748"]
[WhiteTeam "Wood Green"]
[BlackTeam "Hexamind Chess Team"]
[WhiteFideId "21805431"]
[BlackFideId "24116068"]
[EventDate "2025.06.11"]
[EventType "team"]

1. c4 e5 2. g3 Nc6 3. Bg2 Bc5 4. Nc3 d6 5. a3 a6 6. Nf3 Nf6 7. O-O O-O 8. e3 Bg4
9. h3 Bh5 10. g4 Bg6 11. d4 Ba7 12. d5 Ne7 13. Nh4 Nd7 14. Nxg6 Nxg6 15. Ne4 Nh4
16. Bd2 f5 17. gxf5 Rxf5 18. Ng3 Rg5 19. Kh2 Qe7 20. f4 Rxg3 21. Kxg3 Bxe3 22.
Kh2 exf4 23. Bxe3 fxe3 24. Qg4 Ne5 25. Qe6+ Qxe6 26. dxe6 e2 27. Rf4 Nxg2 28.
Kxg2 Nd3 29. Re4 Kf8 30. Kg3 e1=Q+ 31. Raxe1 Nxe1 32. Rxe1 Ke7 33. b4 Rf8 34. b5
Rf5 35. a4 Re5 36. Rxe5 dxe5 37. c5 axb5 38. c6 b6 0-1

[Event "FIDE World Rapid Team"]
[Site "London ENG"]
[Date "2025.06.11"]
[Round "2.4"]
[White "Vidit, Santosh Gujrathi"]
[Black "Willow, Jonah B"]
[Result "1-0"]
[WhiteTitle "GM"]
[BlackTitle "IM"]
[WhiteElo "2720"]
[BlackElo "2470"]
[WhiteTeam "Hexamind Chess Team"]
[BlackTeam "Wood Green"]
[WhiteFideId "5029465"]
[BlackFideId "438804"]
[EventDate "2025.06.11"]
[EventType "team"]

1. d4 Nf6 2. Nf3 c5 3. d5 b5 4. Bg5 g6 5. Bxf6 exf6 6. e4 b4 7. Nbd2 Bg7 8. Nc4
d6 9. Bd3 O-O 10. Nfd2 f5 11. exf5 Re8+ 12. Kf1 Ba6 13. fxg6 fxg6 14. h4 Qf6 15.
Qg4 Rf8 16. Ne4 Qd4 17. Qe6+ Kh8 18. Ncxd6 Bxd3+ 19. cxd3 Na6 20. h5 Nc7 21. Qd7
gxh5 22. Rxh5 Nxd5 23. Kg1 Nf4 24. Rf5 Rxf5 25. Qxf5 Nxd3 26. Nf7+ Kg8 27. Nfg5
Qe5 28. Qf7+ Kh8 29. Qh5 Kg8 30. Qxh7+ Kf8 31. Rd1 c4 32. b3 c3 33. Rxd3 c2 34.
Rf3+ Ke8 35. Qg8+ Kd7 36. Rf7+ 1-0

[Event "FIDE World Rapid Team"]
[Site "London ENG"]
[Date "2025.06.11"]
[Round "2.5"]
[White "Kueh, Audrey"]
[Black "Divya, Deshmukh"]
[Result "0-1"]
[WhiteTitle "WFM"]
[BlackTitle "IM"]
[WhiteElo "2054"]
[BlackElo "2463"]
[WhiteTeam "Wood Green"]
[BlackTeam "Hexamind Chess Team"]
[WhiteFideId "421596"]
[BlackFideId "35006916"]
[EventDate "2025.06.11"]
[EventType "team"]

1. e4 e6 2. d4 d5 3. Nd2 c5 4. Ngf3 cxd4 5. Nxd4 Nc6 6. Bb5 Bd7 7. Nxc6 Bxc6 8.
Bxc6+ bxc6 9. c4 d4 10. Qa4 Qb6 11. O-O Bd6 12. b4 Qb7 13. f4 Ne7 14. c5 Bc7 15.
Bb2 a5 16. a3 O-O 17. Bxd4 Rfd8 18. Bc3 Ng6 19. f5 Nf4 20. Rae1 axb4 21. Qxb4
Qa7 22. Re3 exf5 23. exf5 Nd5 24. Qg4 f6 25. Re7 Qxc5+ 0-1

[Event "FIDE World Rapid Team"]
[Site "London ENG"]
[Date "2025.06.11"]
[Round "2.1"]
[White "Van Foreest, Jorden"]
[Black "Ghasi, Ameet K"]
[Result "1-0"]
[WhiteTitle "GM"]
[BlackTitle "GM"]
[WhiteElo "2687"]
[BlackElo "2513"]
[WhiteTeam "Knight Dance"]
[BlackTeam "Sharks 4NCL"]
[WhiteFideId "1039784"]
[BlackFideId "409200"]
[EventDate "2025.06.11"]
[EventType "team"]

1. e4 c6 2. d4 d5 3. e5 Bf5 4. Ne2 e6 5. Ng3 Bg6 6. h4 h6 7. h5 Bh7 8. Bd3 Bxd3
9. cxd3 Nd7 10. Nc3 Rc8 11. O-O Qh4 12. Be3 c5 13. dxc5 Nxe5 14. Re1 Nf6 15. Qb3
Be7 16. Qxb7 O-O 17. Qxe7 Nc6 18. Qd6 d4 19. Qf4 Qxf4 20. Bxf4 dxc3 21. bxc3
Rfd8 22. d4 Nd5 23. Bd2 Na5 24. Reb1 e5 25. Nf5 Nc4 26. Be1 Rd7 27. a4 a5 28.
Rb5 Rc6 29. Rab1 Rf6 30. c6 1-0

[Event "FIDE World Rapid Team"]
[Site "London ENG"]
[Date "2025.06.11"]
[Round "2.2"]
[White "Roberson, Peter T"]
[Black "Moussard, Jules"]
[Result "0-1"]
[WhiteTitle "IM"]
[BlackTitle "GM"]
[WhiteElo "2433"]
[BlackElo "2597"]
[WhiteTeam "Sharks 4NCL"]
[BlackTeam "Knight Dance"]
[WhiteFideId "412384"]
[BlackFideId "642908"]
[EventDate "2025.06.11"]
[EventType "team"]

1. e4 c5 2. Be2 Nc6 3. f4 g6 4. Nf3 Bg7 5. O-O d6 6. d3 Nf6 7. Qe1 Bg4 8. Nbd2
O-O 9. Qh4 e6 10. h3 Bxf3 11. Nxf3 Nd7 12. Qf2 b5 13. f5 Nd4 14. Nxd4 Bxd4 15.
Be3 Bxb2 16. Rab1 Bg7 17. Rxb5 Qc7 18. Kh1 Rae8 19. fxe6 fxe6 20. Qe1 Rxf1+ 21.
Qxf1 h5 22. Qf4 Ne5 23. Qg3 Rf8 24. c3 a6 25. Rb1 Qa5 26. d4 Qxa2 27. Re1 cxd4
28. cxd4 Nc4 29. Bxc4 Qxc4 30. Qxg6 Rf1+ 31. Rxf1 Qxf1+ 32. Kh2 Qf7 33. Qg5 e5
34. Qd8+ Qf8 35. Qg5 Qf6 36. Qxh5 exd4 37. Qd5+ Qf7 38. Bd2 Be5+ 39. Kg1 Qxd5
40. exd5 Bg3 41. Kf1 d3 42. Be1 Bf4 43. g3 d2 0-1

[Event "FIDE World Rapid Team"]
[Site "London ENG"]
[Date "2025.06.11"]
[Round "2.3"]
[White "Dardha, Daniel"]
[Black "Moreby, James"]
[Result "1-0"]
[WhiteTitle "GM"]
[BlackTitle "FM"]
[WhiteElo "2646"]
[BlackElo "2320"]
[WhiteTeam "Knight Dance"]
[BlackTeam "Sharks 4NCL"]
[WhiteFideId "240990"]
[BlackFideId "427756"]
[EventDate "2025.06.11"]
[EventType "team"]

1. e4 c5 2. Nf3 d6 3. d4 cxd4 4. Nxd4 Nf6 5. Nc3 a6 6. Bd3 Nc6 7. Nxc6 bxc6 8.
Qe2 e5 9. b3 Be7 10. Bb2 O-O 11. O-O-O Qb6 12. Rhg1 Ng4 13. f3 Nf2 14. Rdf1
Nxd3+ 15. Qxd3 a5 16. Qd2 Ba6 17. Rd1 Rfd8 18. Kb1 Bb5 19. a4 Ba6 20. f4 exf4
21. Qxf4 Bf6 22. g4 Be5 23. Qf3 Rab8 24. g5 Bc4 25. Ne2 Bxe2 26. Qxe2 Bxb2 27.
Kxb2 Qc5 28. Qd3 Rb4 29. Rge1 Qe5+ 30. Qc3 Qxc3+ 31. Kxc3 Kf8 32. Rd3 Ke7 33.
Rf3 Ke6 34. h4 Rd7 35. h5 Re7 36. Rf5 Kd7 37. Rxa5 Rbxe4 38. Ra7+ Kd8 39. Rxe7
Rxe7 40. Rxe7 Kxe7 41. h6 g6 42. Kd4 Kd7 43. c4 f5 44. gxf6 g5 45. a5 g4 46. a6
g3 47. Ke3 d5 48. cxd5 cxd5 49. f7 Ke7 50. f8=Q+ Kxf8 51. a7 d4+ 52. Kxd4 1-0

[Event "FIDE World Rapid Team"]
[Site "London ENG"]
[Date "2025.06.11"]
[Round "2.4"]
[White "Purton, Ben J"]
[Black "Maurizzi, Marc'Andria"]
[Result "0-1"]
[WhiteTitle "FM"]
[BlackTitle "GM"]
[WhiteElo "2173"]
[BlackElo "2607"]
[WhiteTeam "Sharks 4NCL"]
[BlackTeam "Knight Dance"]
[WhiteFideId "411132"]
[BlackFideId "36083534"]
[EventDate "2025.06.11"]
[EventType "team"]

1. e4 c6 2. d4 d5 3. e5 Bf5 4. Nc3 e6 5. g4 Bg6 6. Nge2 c5 7. h4 h5 8. Nf4 Bh7
9. Nxh5 cxd4 10. Qxd4 Nc6 11. Bb5 Ne7 12. Bg5 a6 13. Bxc6+ Nxc6 14. Qd2 Qb6 15.
O-O Qd4 16. Qxd4 Nxd4 17. Kg2 Nxc2 18. Rad1 Nb4 19. f4 Bd3 20. Rf3 Rxh5 21. gxh5
Bf5 22. Rg3 Rc8 23. Rd2 Nc2 24. a3 d4 25. Ne2 Bc5 26. h6 gxh6 27. Bxh6 Ke7 28.
Bg5+ Kd7 29. Bf6 Kc6 30. b4 Ba7 31. Rg7 d3 32. Nc1 Ne1+ 33. Kf1 Kd5 34. Nxd3
Nxd3 35. Ke2 Rc3 36. Rg3 Kc4 37. Bg5 Nc1+ 0-1

[Event "FIDE World Rapid Team"]
[Site "London ENG"]
[Date "2025.06.11"]
[Round "2.5"]
[White "Roebers, Eline"]
[Black "Hryshchenko, Kamila"]
[Result "1-0"]
[WhiteTitle "IM"]
[BlackTitle "WFM"]
[WhiteElo "2356"]
[BlackElo "2097"]
[WhiteTeam "Knight Dance"]
[BlackTeam "Sharks 4NCL"]
[WhiteFideId "1058401"]
[BlackFideId "14147491"]
[EventDate "2025.06.11"]
[EventType "team"]

1. e4 b6 2. d4 Bb7 3. Nc3 e6 4. Bd3 d5 5. e5 c5 6. f4 Ba6 7. Nf3 Nh6 8. Be3 Bxd3
9. cxd3 Nf5 10. Bf2 Be7 11. O-O O-O 12. dxc5 bxc5 13. Rc1 Nd7 14. Na4 Qa5 15. b3
Rab8 16. Rc2 Rfc8 17. Qc1 h5 18. g3 g6 19. Kg2 Kg7 20. h3 Rh8 21. Qd2 Qxd2 22.
Rxd2 g5 23. fxg5 Nxe5 24. Nxe5 Bxg5 25. Re2 c4 26. dxc4 dxc4 27. Nxc4 Rb7 28.
Nc5 Rc7 29. Ne4 Be7 30. Rd1 Rg8 31. Ned6 Nxd6 32. Nxd6 Kf8 33. Nb5 Rb7 34. Nxa7
Bh4 35. Re4 Be7 36. Nc6 1-0

[Event "FIDE World Rapid Team"]
[Site "London ENG"]
[Date "2025.06.11"]
[Round "2.6"]
[White "Morea, Georgiana-Steluta"]
[Black "Phulpin, Theo"]
[Result "1/2-1/2"]
[WhiteElo "1920"]
[BlackElo "1773"]
[WhiteTeam "Sharks 4NCL"]
[BlackTeam "Knight Dance"]
[WhiteFideId "1204319"]
[BlackFideId "36001600"]
[EventDate "2025.06.11"]
[EventType "team"]

1. c4 e5 2. Nc3 Nf6 3. g3 d5 4. cxd5 Nxd5 5. Bg2 Nb6 6. Nf3 Nc6 7. O-O Be7 8. d3
O-O 9. a3 a5 10. Be3 Be6 11. Rc1 Nd5 12. Bd2 Qd7 13. Ne4 f6 14. Nc5 Bxc5 15.
Rxc5 b6 16. Rc2 Nd4 17. Nxd4 exd4 18. Qc1 c5 19. e4 dxe3 20. fxe3 Rad8 21. Bc3
Nxc3 22. Rxc3 Rfe8 23. Rd1 Bd5 24. e4 Bxe4 25. Bxe4 Rxe4 26. Rc4 Rxc4 27. Qxc4+
Qd5 28. Qxd5+ Rxd5 29. Kf2 Rd4 30. Ke3 Kf7 31. Re1 h5 32. b3 h4 33. Kd2 a4 34.
Rb1 axb3 35. Rxb3 hxg3 36. hxg3 c4 37. Rxb6 Rxd3+ 38. Ke2 Rxa3 39. Kf2 Kg6 40.
Rc6 c3 41. Rc5 f5 42. Kf3 c2+ 43. Kf4 Ra4+ 44. Kf3 Kg5 45. Rxc2 Ra3+ 46. Kg2 Re3
47. Rc4 Re4 48. Rc7 g6 49. Rc2 Kg4 50. Ra2 g5 51. Rb2 f4 52. gxf4 gxf4 53. Kf2
Re3 54. Rb8 Rf3+ 55. Kg2 Rg3+ 56. Kf2 Rh3 57. Rg8+ Kf5 58. Rf8+ Ke5 59. Re8+ Kd4
60. Rd8+ Ke5 61. Re8+ Kf6 62. Rf8+ Ke5 1/2-1/2

[Event "FIDE World Rapid Team"]
[Site "London ENG"]
[Date "2025.06.11"]
[Round "2.1"]
[White "Hansen, Eric"]
[Black "Kozak, Adam"]
[Result "0-1"]
[WhiteTitle "GM"]
[BlackTitle "GM"]
[WhiteElo "2609"]
[BlackElo "2587"]
[WhiteTeam "ChessbrahTV"]
[BlackTeam "Team Hungary"]
[WhiteFideId "2606771"]
[BlackFideId "753246"]
[EventDate "2025.06.11"]
[EventType "team"]

1. e4 c5 2. Nf3 d6 3. d4 cxd4 4. Nxd4 Nf6 5. Nc3 Nc6 6. Bg5 Bd7 7. Qd2 Rc8 8.
Nxc6 Bxc6 9. f3 e6 10. Nb5 a6 11. Na7 Ra8 12. Nxc6 bxc6 13. Qc3 Qc7 14. O-O-O
Be7 15. Be3 O-O 16. g4 Rfd8 17. g5 Ne8 18. f4 d5 19. Bg2 Rab8 20. exd5 exd5 21.
a3 Rb7 22. Rhe1 Rdb8 23. Bd2 Nd6 24. Qe5 Rxb2 25. Bb4 R2xb4 26. axb4 Bf8 27. Bf1
Rxb4 28. Bd3 Qa5 29. f5 Ra4 30. c3 Ra2 31. Re2 Qa3+ 0-1

[Event "FIDE World Rapid Team"]
[Site "London ENG"]
[Date "2025.06.11"]
[Round "2.2"]
[White "Kantor, Gergely"]
[Black "Ragnarsson, Dagur"]
[Result "1/2-1/2"]
[WhiteTitle "GM"]
[BlackTitle "IM"]
[WhiteElo "2584"]
[BlackElo "2349"]
[WhiteTeam "Team Hungary"]
[BlackTeam "ChessbrahTV"]
[WhiteFideId "751499"]
[BlackFideId "2304058"]
[EventDate "2025.06.11"]
[EventType "team"]

1. e4 c5 2. Nf3 Nc6 3. Bb5 g6 4. O-O Bg7 5. c3 e5 6. d4 cxd4 7. cxd4 exd4 8. Bf4
a6 9. Qa4 Ra7 10. Bd3 b5 11. Qa3 Nge7 12. Bd6 O-O 13. Nbd2 Bb7 14. Nb3 Re8 15.
Rac1 Nc8 16. Bc5 Ra8 17. Nfxd4 Nxd4 18. Bxd4 Bf8 19. Nc5 Bc6 20. Qc3 Nd6 21. e5
Qg5 22. g3 Nf5 23. f4 Qg4 24. Ne4 Bg7 25. Bc5 Rac8 26. Qd2 Qh3 27. Ng5 Qh6 28.
Bc2 d6 29. exd6 Nxg3 30. d7 Bxd7 31. hxg3 Bc6 32. Qh2 Re2 33. Rf2 Rxf2 34. Bxf2
Qxh2+ 35. Kxh2 Bb7 36. Nxf7 Kxf7 37. Bb3+ Ke8 38. Re1+ Kf8 39. Re2 Bf6 40. g4
Be7 41. Bd4 Bd6 42. Rf2 Bc5 43. Rd2 Bxd4 44. Rxd4 Ke7 45. Kg3 h6 46. Rd2 Rc6 47.
Rh2 h5 48. gxh5 gxh5 49. Rxh5 Bc8 50. Rh7+ Kf8 51. Kh4 a5 52. Kg5 Rc5+ 53. Kf6
Rf5+ 54. Kg6 Rc5 55. Rf7+ Ke8 56. a4 Kd8 57. f5 Bd7 58. axb5 Be8 59. b6 Rb5 60.
Ba4 Bxf7+ 61. Kxf7 Rxb2 62. f6 Rb4 63. Bc2 Rxb6 64. Kg7 Rb8 65. Ba4 Rb4 66. f7
Rg4+ 67. Kf6 Rf4+ 68. Ke6 Rxf7 69. Kxf7 Kc7 70. Ke6 Kb6 71. Kd5 Kc7 72. Kc5 Kd8
73. Kb6 Ke7 74. Ka6 Kf8 75. Kxa5 1/2-1/2

[Event "FIDE World Rapid Team"]
[Site "London ENG"]
[Date "2025.06.11"]
[Round "2.3"]
[White "Delaney, Killian"]
[Black "Erdos, Viktor"]
[Result "0-1"]
[WhiteTitle "FM"]
[BlackTitle "GM"]
[WhiteElo "2275"]
[BlackElo "2545"]
[WhiteTeam "ChessbrahTV"]
[BlackTeam "Team Hungary"]
[WhiteFideId "2501570"]
[BlackFideId "719978"]
[EventDate "2025.06.11"]
[EventType "team"]

1. c4 e5 2. Nc3 Bb4 3. Nd5 a5 4. a3 Bc5 5. Nf3 d6 6. e3 c6 7. Nc3 Ba7 8. d4 Nd7
9. Ne4 Bb8 10. dxe5 dxe5 11. Nd6+ Bxd6 12. Qxd6 Qe7 13. Qxe7+ Kxe7 14. Bd2 f6
15. Bc3 Nc5 16. b4 Na4 17. Bd2 axb4 18. axb4 Nh6 19. Be2 Be6 20. O-O Nf7 21. c5
Rhd8 22. Rfc1 Nb2 23. b5 Nd3 24. Bxd3 Rxa1 25. Rxa1 Rxd3 26. bxc6 bxc6 27. e4
Nd8 28. Ra7+ Bd7 29. Kf1 Ne6 30. Ke2 Rb3 31. Be3 Rb5 32. Nd2 Nxc5 33. Nc4 Nxe4
34. Nb6 Nc3+ 35. Kd3 Rxb6 36. Bxb6 Nd5 37. Bc5+ Ke6 38. g3 g5 39. Ra8 h5 40. Rh8
h4 41. gxh4 Nf4+ 42. Kc4 Ng6 43. Rh7 gxh4 44. Rg7 Be8 45. f3 Bf7 46. Rh7 Nf4 47.
Rxh4 Kf5+ 48. Kc3 Bd5 49. Rh6 Bxf3 50. Be7 Nd5+ 0-1

[Event "FIDE World Rapid Team"]
[Site "London ENG"]
[Date "2025.06.11"]
[Round "2.4"]
[White "Balogh, Csaba"]
[Black "Vincent, Trevor"]
[Result "1-0"]
[WhiteTitle "GM"]
[WhiteElo "2544"]
[BlackElo "2226"]
[WhiteTeam "Team Hungary"]
[BlackTeam "ChessbrahTV"]
[WhiteFideId "718939"]
[BlackFideId "2605600"]
[EventDate "2025.06.11"]
[EventType "team"]

1. e4 e5 2. Nf3 Nc6 3. Bb5 a6 4. Ba4 Nf6 5. d3 b5 6. Bb3 Bc5 7. c3 d6 8. O-O O-O
9. Bg5 h6 10. Bh4 Rb8 11. Re1 Bb6 12. Nbd2 Na5 13. Bc2 c5 14. Nf1 b4 15. Ne3 Be6
16. d4 bxc3 17. bxc3 cxd4 18. cxd4 Nc4 19. Nxc4 Bxc4 20. dxe5 dxe5 21. Nxe5 Qd5
22. Qd3 Qxd3 23. Rab1 Qd1 24. Rbxd1 Bxa2 25. Bxf6 gxf6 26. Nd7 Rbc8 27. Ba4 Ba5
28. Re2 Bc4 29. Rc2 Bb5 30. Nxf8 Rxf8 31. Bxb5 axb5 32. Rc5 Rb8 33. Rb1 1-0